Protección de la vivienda a favor del cónyuge supérstite y del conviviente (Registro nro. 32793)
[ vista simple ]
| 000 -LEADER | |
|---|---|
| fixed length control field | 00438 a2200121 4500 |
| 001 - CONTROL NUMBER | |
| control field | ART_43964 |
| 005 - DATE AND TIME OF LATEST TRANSACTION | |
| control field | 20260410162017.0 |
| 008 - FIXED-LENGTH DATA ELEMENTS--GENERAL INFORMATION | |
| fixed length control field | 260409a |
| 100 1# - MAIN ENTRY--PERSONAL NAME | |
| Personal name | Corna, Pablo M. |
| 245 10 - TITLE STATEMENT | |
| Title | Protección de la vivienda a favor del cónyuge supérstite y del conviviente |
| 700 1# - ADDED ENTRY--PERSONAL NAME | |
| Personal name | Fossaceca, Carlos Alberto (h) |
| 773 0# - HOST ITEM ENTRY | |
| Title | Temas de derecho de familia, sucesiones y bioética |
| Related parts | - Año 2, Nº 7 (jul. 2017) |
| Record control number | REV41029 |
No hay ítems disponibles.